| 000 | 01267cam a2200325Ia 4500 | ||
|---|---|---|---|
| 001 | secretcodes00wino | ||
| 003 | CaSfIA | ||
| 005 | 20210119081023.0 | ||
| 007 | cr|||| | ||
| 008 | 900802s1990 nyu 000 0 eng d | ||
| 040 |
_aBOA _cBOA _dCQF _dCaSfIA |
||
| 020 | _a0440841542 | ||
| 020 | _a9780440841548 | ||
| 035 | _a(OCoLC)22169812 | ||
| 092 |
_a652.8 _bWIN |
||
| 100 | 1 | _aWinokur, Eric. | |
| 245 | 1 | 0 |
_aSecret codes / _h[electronic resource] _cby Eric Winokur. |
| 260 |
_aNew York : _bTrumpet Club, _cc1990. |
||
| 300 |
_a58 p. ; _c20 cm. + _edecoder disk. |
||
| 490 | 0 | _aExplorer books | |
| 650 | 1 | _aCryptography. | |
| 650 | 1 | _aCiphers. | |
| 650 | 0 | _aCryptography. | |
| 650 | 0 | _aCiphers. | |
| 856 | 4 | 1 |
_uhttp://www.archive.org/details/secretcodes00wino _zFree eBook from the Internet Archive |
| 856 | 4 | 2 |
_uhttp://www.openlibrary.org/books/OL7522987M _zAdditional information and access via Open Library |
| 942 | _cEB | ||
| 506 | _fНеобхідна авторизація на https://archive.org/ (створення облікового запису безкоштовно) | ||
| 506 | _fНеобхідна авторизація на https://openlibrary.org/ (створення облікового запису безкоштовно) | ||
| 999 |
_c546891 _d546891 |
||